000 00671cam a2200193 i 4500
005 20260128100117.0
008 250721s2022 jo gr 000 0 ara d
082 1 4 _a363.37
_bح م ي
100 1 _aالحميدي، حسين
_eمعد.
245 1 2 _aالتحقيق في اسباب الحرائق /
_cالمعد المهندس حسين محمد سراج الحميدي.
264 3 1 _aعمان :
_bالمؤلف،
_c2022.
300 _a129 صفحة.
650 1 7 _aالكوارث.
650 1 7 _aالتحقيق في الكوارث.
650 1 7 _aالحرائق.
650 1 7 _aالسلامة العامة.
942 _2ddc
_cBK
999 _c144793
_d144793